| 000 | 01007nas a2200325 4500 | ||
|---|---|---|---|
| 001 | BR2013008769 | ||
| 003 | BR-BrBNA | ||
| 005 | 20231205123146.0 | ||
| 007 | ta | ||
| 008 | 230509b bl.|||p| |||| 00| 00por d | ||
| 040 |
_aBR-BrBNA _bpor _cBiblioteca Nacional de Agricultura |
||
| 041 | _a(En) | ||
| 072 | _aF04 | ||
| 100 | 1 | _aCarvalho, M.T. de M. | |
| 100 | 1 | _aMadari, B.E. | |
| 100 | 1 | _aLeal, W.G. de O. | |
| 100 | 1 | _aCosta, A.R. da | |
| 100 | 1 | _aMachado, P.L.O. de A. | |
| 100 | 1 | _aSilveira, P.M. da | |
| 100 | 1 | _aMoreira, J.A.A. | |
| 100 | 1 | _aHeinemann, A.B. | |
| 245 | 1 | _aNitrogen fluxes from irrigated common-bean as affected by mulching and mineral fertilization | |
| 650 | _aFEIJÃO | ||
| 650 | _aFERTILIZANTE NITROGENADO | ||
| 650 | _aCOBERTURA MORTA | ||
| 650 | _aCAPIM BRACHIARIA | ||
| 773 | 0 |
_tPesquisa Agropecuária Brasileira (Brazil) _xISSN 0100-204X _g(May 2013), v. 48(5) p. 478-486 _wBR2013008769 |
|
| 909 |
_a202311 _bLúcia _c55 _dLúcia Elande |
||
| 942 |
_2AGRIS _n0 _cANA |
||
| 999 |
_c232461 _d232461 |
||